| 000 | 01147cam a2200337 i 4500 | ||
|---|---|---|---|
| 999 |
_c200445595 _d63807 |
||
| 001 | 200445595 | ||
| 003 | TR-AnTOB | ||
| 005 | 20220601152925.0 | ||
| 007 | ta | ||
| 008 | 740812s1963 nyu 000 0 eng u | ||
| 010 | _a63011712 | ||
| 035 | _a.b11885385 | ||
| 035 | _a0333868 | ||
| 035 | _a(TR-AnTOB)200445595 | ||
| 040 |
_aBGU _beng _erda _cBGU _dOSU _dUtOrBLW _dTR-AnTOB |
||
| 041 | 0 | _aeng | |
| 050 | 0 | 4 |
_aTT267 _b.B73 1963 |
| 090 |
_aTT267 _b.B73 1963 |
||
| 245 | 1 | 0 |
_aBrazing manual / _cPrepared by AWS Committee on Brazing and Soldering under the direction of AWS Technical Activities Committee. Edward A. Fenton, technical secretary |
| 250 | _a[Second edition] | ||
| 264 | 2 |
_aNew York : _bAmerican Welding Society; trade distributor: Reinhold Pub. Corp., _c[1963] |
|
| 300 |
_a290 pages : _billustrations ; _c24 cm |
||
| 336 |
_atext _btxt _2rdacontent |
||
| 337 |
_aunmediated _bn _2rdamedia |
||
| 338 |
_avolume _bnc _2rdacarrier |
||
| 650 | 0 |
_aBrazing _953207 |
|
| 710 | 2 |
_aAmerican Welding Society. _bCommittee on Brazing and Soldering _9134384 |
|
| 942 |
_2lcc _cBK |
||